01063nam a2200241Ia 4500001000600000003000900006008004100015040001300056040001300069041001300082100002000095100002900115245004800144245009800192250001100290260000900301260003700310260004900347300005900396500030500455650003000760650003100790B4533IT-RoPAU130308s9999 xx 000 0 und d aIT-RoPAU cIT-RoPAU aITALIANO aCorgnali Duilio gCodice Aut. SPICS: 38368 a"Identikit di un lettore ""non qualunque""" bInformazione e Territorio-I venticinque Anni della federazione Italiana settimanali Cattolici a1a ed. aROMA bFederaz. Ital. Settim. Cattolici c1992 [1° Ed.:1992 - Ed.Ling.Originale:1992] a"17 p. (prefazione: no ; testo: 17 [pagine: 249-265])" aStampa di Identità e di Identificazione. Dati Anagrafici dei Nostri Lettori. Quale preparazione Culturale? Identità Ecclesiale. identikit di un cattolico Italiano Impegnato. Cosa Chiedono I Lettori al settimanale Cattolico. voce della Comunità Diocesana. Come Fare Meglio un settimanale Locale. aGENERI DI STAMPA DI MASSA eCodice materia Spics: 6660